[Event "Ch URS (team)"]
[Site "masterchessopen.com Vilnius (Lithuania)"]
[Round "0"]
[White "Boleslavsky Isaac (RUS)"]
[Black "Nezhmetdinov Rashit (RUS)"]
[Result "0-1"]
[WhiteElo "2560"]
[BlackElo "2450"]

1.e4 e5 2.Nf3 Nc6 3.Bb5 a6 4.Ba4 d6 5.c3 Bd7 6.d4 g6 7.O-O Bg7 8.Be3 Nf6 { ! }
9.Nbd2 O-O 10.dxe5 dxe5 { !? } ( 10...Nxe5 11.Nxe5 dxe5 12.Bc2 Qe7 ) 11.Bc5 {
?! } 11...Re8 12.Re1 b6 13.Ba3 Qc8 14.Nf1 b5 15.Bc2 a5 16.Bc5 Nd8 { ! } 17.a4
Qb7 18.axb5 Bxb5 19.Ba3 Ne6 { ! } 20.Nxe5 Rad8 21.Qc1 { ? } ( 21.Qf3 Ng5
22.Qf4 h6 { ? 23 ...?h5, 23 ...?fe4 } ) 21...Nh5 22.Nf3 Nhf4 23.Ng3 h5 24.h4
Bh6 25.Kh2 Kg7 26.Qb1 Qb6 27.Kg1 ( 27.Re3 Nxg2 { ! } 28.Kxg2 Bxe3 29.fxe3 Qxe3
{ ??+ } ) 27...Nxg2 { ! } 28.Kxg2 Nf4+ 29.Kh1 ( 29.Kg1 Nh3+ 30.Kg2 Qxf2+ { ! }
31.Kxh3 Bd7+ 32.Nf5+ Bxf5+ 33.exf5 Qxf3+ 34.Kh2 Rd2+ { ??+ } ) 29...Qxf2 {#R}
0-1

[Event "Ch Russia (team) (1/2 final)"]
[Site "masterchessopen.com Vologda (Russia)"]
[Round "0"]
[White "Kalinkin Boris (UKR)"]
[Black "Nezhmetdinov Rashit (RUS)"]
[Result "0-1"]
[WhiteElo "2208"]
[BlackElo "2450"]

1.e4 e5 2.Nf3 Nc6 3.Bb5 a6 4.Ba4 d6 5.c3 Bd7 6.d4 g6 7.O-O Bg7 8.Be3 Nf6
9.Nbd2 O-O 10.Re1 Nh5 11.Nf1 b5 12.Bc2 exd4 { ! } 13.Nxd4 Ne5 14.Nf5 { ! }
14...Bf6 15.Bh6 Re8 16.N1e3 Bg5 { ! } 17.Nd5 c6 { ! } ( 17...Bxh6 18.Nxh6+ Kf8
19.f4 { +?? } ) 18.Nc7 Nf4 { ! } 19.Bxg5 Qxg5 20.Ng3 h5 21.Nxa8 Rxa8 22.Qxd6
h4 23.a4 h3 { !! } 24.axb5 cxb5 25.Rxa6 ( 25.Bd1 hxg2 26.f3 Nfd3 27.Re2 Nxf3+
{ ??+ } ) 25...Rxa6 26.Qxa6 hxg2 27.Bd1 Bg4 28.Qa1 Bf3 29.Qa8+ Kh7 30.Qc8 Bxd1
{#R} 0-1

[Event "It"]
[Site "masterchessopen.com Hastings (England)"]
[Round "4"]
[White "Tal Mikhail N (LAT)"]
[Black "Brinck-Claussen Bjorn (DEN)"]
[Result "1-0"]
[WhiteElo "2520"]
[BlackElo "2263"]

1.e4 e5 2.Nf3 Nc6 3.Bb5 a6 4.Ba4 d6 5.c3 Bd7 6.d4 g6 7.O-O Bg7 8.dxe5 dxe5
9.Bg5 f6 10.Be3 Nh6 11.Nbd2 Nf7 12.b4 O-O 13.Bb3 Re8 14.a4 Be6 15.Bxe6 Rxe6
16.Qb3 Qd7 17.Nc4 Ree8 18.b5 axb5 19.axb5 Rxa1 20.Rxa1 Ncd8 21.b6 cxb6 22.Nxb6
Qc6 23.Nd5 Bf8 24.h4 Kg7 25.h5 Bc5 26.Bxc5 Qxc5 27.Ra4 Re6 28.Rc4 Qa7 29.Rc7
Ra6 30.Qb4 gxh5 31.Qe7 Qa8 32.Nh4 {#r} 1-0

[Event "Ch Great Britain"]
[Site "masterchessopen.com Bristol (England)"]
[Round "8"]
[White "Penrose Jonathan (ENG)"]
[Black "Haygarth Michael J (ENG)"]
[Result "0-1"]
[WhiteElo "2405"]
[BlackElo "2375"]

1.e4 e5 2.Nf3 Nc6 3.Bb5 a6 4.Ba4 d6 5.c3 Bd7 6.d4 g6 7.O-O Bg7 8.dxe5 dxe5
9.Bg5 Nge7 10.Qc1 O-O 11.Rd1 Qe8 12.Nbd2 Nc8 13.b4 Nd6 14.Bb3 a5 15.a3 Be6
16.Qc2 Bxb3 17.Nxb3 b6 18.Qd3 f6 19.Be3 axb4 20.axb4 Qe6 21.Nfd2 Rfd8 22.b5
Na7 23.Ra4 Ndxb5 24.Qc2 Nc6 25.Rda1 Rxa4 26.Rxa4 Bf8 27.f3 Qd7 28.Nc1 Kg7
29.Kf1 Na5 30.Ra1 Bc5 31.Bxc5 Qxd2 32.Qxd2 Rxd2 {#R} 0-1

[Event "It"]
[Site "masterchessopen.com Alicante (Spain)"]
[Round "1"]
[White "Diesen Mark C (USA)"]
[Black "Medina-Garcia Antonio (ESP)"]
[Result "1-0"]
[WhiteElo "2409"]
[BlackElo "2253"]

1.e4 e5 2.Nf3 Nc6 3.Bb5 a6 4.Ba4 d6 5.c3 Bd7 6.d4 g6 7.O-O Bg7 8.dxe5 dxe5
9.Bg5 Nf6 10.Nbd2 h6 11.Be3 O-O 12.Re1 Qe7 13.b4 Rfd8 14.Bb3 Be6 15.Qc2 Nh5
16.g3 Kh8 17.a4 b6 18.Rad1 Nf6 19.Nc4 Bg4 20.Kg2 Nd7 21.Bc1 Qf6 22.Qe2 Be6
23.Ba2 Qe7 24.Ne3 Bxa2 25.Qxa2 Nf6 26.Nd5 Qe6 27.c4 Ne8 28.Qc2 Rd7 29.Bb2 Rad8
30.c5 Ne7 31.Nxe7 Qxe7 32.Rxd7 Rxd7 33.Qc4 bxc5 34.bxc5 Kh7 35.Rc1 c6 36.Qxa6
Qe6 37.Qc4 Qxc4 38.Rxc4 Ra7 39.Rb4 f6 40.Nd2 Bf8 {#r} 1-0

[Event "It (cat.9)"]
[Site "masterchessopen.com Bochum (Germany)"]
[Round "0"]
[White "Lobron Eric (GER)"]
[Black "Westerinen Heikki M J (FIN)"]
[Result "0-1"]
[WhiteElo "2395"]
[BlackElo "2425"]

1.e4 e5 2.Nf3 Nc6 3.Bb5 a6 4.Ba4 d6 5.d4 Bd7 6.c3 g6 7.O-O Bg7 8.Bg5 f6 9.Be3
Nh6 10.dxe5 fxe5 11.Bb3 Ng4 12.Bg5 Nf6 13.Nbd2 h6 14.Be3 Ng4 15.a4 Qe7 16.Nc4
Be6 17.h3 Nf6 18.Ncd2 O-O 19.Nh4 Kh7 20.Bc2 Nd7 21.Ndf3 Bf6 22.g3 Bxh3 23.Qe2
Bg7 24.Kh2 Bxf1 25.Rxf1 Nf6 26.Kg2 Ng4 27.Bg5 Bf6 28.Bxh6 Nxh6 29.Rh1 Qg7
30.g4 Bxh4 31.Rxh4 Rxf3 32.Kxf3 Qf6+ 33.Kg3 {#R} 0-1

[Event "It"]
[Site "masterchessopen.com Albena (Bulgaria)"]
[Round "14"]
[White "Barbulescu Dan (ROM)"]
[Black "Sygulski Artur (POL)"]
[Result "1-0"]
[WhiteElo "2450"]
[BlackElo "2425"]

1.e4 e5 2.Nf3 Nc6 3.Bb5 g6 4.c3 a6 5.Ba4 d6 6.d4 Bd7 7.O-O Bg7 8.Bg5 Nge7
9.dxe5 dxe5 10.b4 h6 11.Bc1 O-O 12.Nbd2 Nc8 13.Bb3 Nd6 14.Qe2 Qe7 15.Nc4 Nxc4
16.Bxc4 Nd8 17.a4 Re8 18.Rd1 Ne6 19.g3 Rad8 20.Nd2 Ng5 21.Nb3 Bc8 22.Bxg5 Qxg5
23.b5 axb5 24.axb5 Rxd1+ 25.Rxd1 Rd8 26.Qf3 Rxd1+ 27.Qxd1 Qe7 28.Na5 h5 29.Qd5
Be6 30.Qxb7 Bh3 31.Bf1 Bxf1 32.Kxf1 Bf8 33.Qd5 Qa3 34.Nc4 Qc1+ 35.Kg2 Bg7
36.Nxe5 {#r} 1-0

[Event "It (cat.16)"]
[Site "masterchessopen.com Bugojno (Bosnia & Herzegovina)"]
[Round "0"]
[White "Karpov Anatoly (RUS)"]
[Black "Spassky Boris V (FRA)"]
[Result "1-0"]
[WhiteElo "2705"]
[BlackElo "2620"]

1.e4 e5 2.Nf3 Nc6 3.Bb5 a6 4.Ba4 g6 5.c3 d6 6.d4 Bd7 7.O-O Bg7 8.Re1 Nge7
9.Be3 O-O 10.Nbd2 Qe8 11.Bb3 b6 12.dxe5 dxe5 13.Nc4 Kh8 14.Qc1 Bg4 15.Ng5 { !
} 15...h6 16.h3 Bd7 17.Nf3 Kh7 18.a4 f5 { ?! } 19.exf5 gxf5 20.Nfxe5 { ! }
20...Nxe5 ( 20...Bxe5 21.Nxe5 Nxe5 22.Bxh6 N7g6 ( 22...Nd3 23.Qg5 { ± } ) (
22...Nf3+ 23.gxf3 Qg6+ 24.Qg5 { ! } ) 23.Bxf8 { ± } ) 21.Nxe5 Bxe5 22.Bxh6 Bd6
23.Qg5 { ! } 23...Qg6 24.Rxe7+ Bxe7 25.Qxe7+ Kxh6 26.Qxd7 { ± } 26...f4 { ? }
( 26...Qd6 27.Qxd6+ cxd6 { ± } ) 27.Qxc7 Rae8 28.Rd1 { +?? } 28...Rf6 29.Kh2
a5 30.Rd4 Ref8 31.Rd7 Rc6 32.Qe5 Qf6 33.Qd5 Rc5 34.Qe4 {#r} 1-0

[Event "It (open)"]
[Site "masterchessopen.com New York (USA)"]
[Round "0"]
[White "De Firmian Nick E (USA)"]
[Black "Polgar Zsuzsa (USA)"]
[Result "1-0"]
[WhiteElo "2490"]
[BlackElo "2495"]

1.e4 e5 2.Nf3 Nc6 3.Bb5 g6 4.c3 a6 5.Ba4 d6 6.d4 Bd7 7.O-O Bg7 8.dxe5 dxe5
9.Be3 Nf6 10.Nbd2 O-O 11.Bc5 Re8 12.Re1 b6 13.Ba3 Qc8 14.Bc2 Qb7 15.Qe2 Rad8
16.Rad1 Nh5 17.g3 Na7 18.b3 Qc6 19.Bb2 b5 20.Nf1 a5 21.Ne3 Qb7 22.c4 b4 23.Rd2
c5 24.Rd5 Bc6 25.Rxc5 Bxe4 26.Bxe4 Qxe4 27.Nd5 Qxe2 28.Rxe2 e4 29.Ne1 Rc8
30.Rxc8 Nxc8 31.g4 e3 32.fxe3 {#r} 1-0

[Event "It (open)"]
[Site "masterchessopen.com Reykjavik (Iceland)"]
[Round "0"]
[White "Arnason Jon L (ISL)"]
[Black "Salov Sergei (GER)"]
[Result "0-1"]
[WhiteElo "2510"]
[BlackElo "2253"]

1.e4 e5 2.Nf3 Nc6 3.Bb5 g6 4.c3 a6 5.Ba4 d6 6.d4 Bd7 7.O-O Bg7 8.dxe5 Nxe5
9.Nxe5 dxe5 10.Bxd7+ Qxd7 11.Qxd7+ Kxd7 12.f4 exf4 13.Bxf4 Re8 14.Nd2 Ne7
15.Bg5 Rhf8 16.Bf6 Bxf6 17.Rxf6 Nc6 18.Raf1 Nd8 19.Nf3 h6 20.Nd4 Rg8 21.R6f4
Re7 22.Rh4 h5 23.Nf3 Ne6 24.g4 Nf4 25.e5 g5 26.Nxg5 Ne2+ 27.Kf2 Rxg5 28.Kxe2
hxg4 29.Kd3 Rgxe5 30.Rxg4 Re3+ 31.Kc4 Re2 32.Rd4+ Kc8 33.b3 b5+ 34.Kc5 Rxa2
35.Rdf4 Re5+ 36.Kd4 Rae2 37.Rxf7 c5+ {#R} 0-1

[Event "Ch URS (1/2 final)"]
[Site "masterchessopen.com Sevastopol (Ukraine)"]
[Round "0"]
[White "Dvoirys Semen I (RUS)"]
[Black "Kveinys Aloyzas (LTU)"]
[Result "0-1"]
[WhiteElo "2470"]
[BlackElo "2512"]

1.e4 e5 2.Nf3 Nc6 3.Bb5 a6 4.Ba4 d6 5.c3 Bd7 6.d4 g6 7.O-O Bg7 8.Bg5 f6 9.Be3
Nh6 10.h3 Nf7 11.Nbd2 O-O 12.Bb3 Qe7 13.Re1 Kh8 14.a3 Rae8 15.Rc1 f5 16.exf5
Bxf5 17.Nf1 e4 18.N3d2 Ncd8 19.Ng3 Qh4 20.Nxf5 gxf5 21.f3 Ng5 22.Bxg5 Qxg5
23.fxe4 Bh6 24.Rc2 fxe4 25.Nxe4 Qh4 26.Rce2 Bf4 27.Qd3 c6 28.Nf2 Rxe2 29.Rxe2
d5 30.Bc2 Nf7 31.Qf5 Bd6 32.Qg4 Qh6 33.Nd3 Ng5 34.Ne5 Qf6 35.Bd3 Qf1+ 36.Kh2
Qc1 37.h4 Nf3+ 38.gxf3 Rg8 39.Rc2 Qe3 40.Re2 Bxe5+ {#R} 0-1

[Event "Ch Norway"]
[Site "masterchessopen.com Steinkjer (Norway)"]
[Round "0"]
[White "Bergstad Odd Oyvind"]
[Black "Gausel Einar (NOR)"]
[Result "0-1"]
[WhiteElo "2240"]
[BlackElo "2501"]

1.e4 e5 2.Nf3 Nc6 3.Bb5 g6 4.c3 a6 5.Ba4 d6 6.d4 Bd7 7.O-O Bg7 8.Re1 Qe7 9.Bg5
f6 10.Be3 Nh6 11.h3 Nf7 12.c4 O-O 13.Nc3 Kh8 14.Rc1 Nxd4 15.Nxd4 Bxa4 16.Qxa4
exd4 17.Bxd4 c6 18.Bb6 Rae8 19.Re2 Ne5 20.Rd1 Qe6 21.Rd4 f5 22.exf5 Qxf5
23.Rxd6 Qf4 24.Qd1 Qxc4 25.Re4 Qg8 26.Qe2 Nc4 27.Bc5 Nxd6 28.Bxd6 Rxe4 29.Nxe4
Re8 30.f3 Qxa2 31.Ba3 Qd5 32.Qc2 Rd8 33.Kf2 b6 34.Be7 Re8 35.Bg5 Rxe4 36.Qxe4
Qxe4 37.fxe4 Bxb2 38.Bd8 Bd4+ 39.Ke2 b5 40.Kd3 c5 {#R} 0-1

[Event "Ch URS (juniors) (under 20)"]
[Site "masterchessopen.com Tallinn (Estonia)"]
[Round "0"]
[White "Rozentalis Eduardas (LTU)"]
[Black "Ehlvest Jaan (USA)"]
[Result "0-1"]
[WhiteElo "2575"]
[BlackElo "2445"]

1.e4 e5 2.Nf3 Nc6 3.Bb5 g6 4.c3 a6 5.Ba4 d6 6.d4 Bd7 7.O-O Bg7 8.d5 Nce7
9.Bxd7+ Qxd7 10.c4 h6 11.Ne1 b5 12.cxb5 axb5 13.Nc3 b4 14.Ne2 Nf6 15.f3 c6
16.dxc6 Nxc6 17.Be3 d5 18.Bc5 Ra5 19.exd5 Qxd5 20.Qxd5 Nxd5 21.Nd3 f5 22.Rac1
Rxa2 23.Rfd1 b3 24.Ba3 Ne3 25.Rd2 Nc2 26.Nc3 Rxa3 27.bxa3 e4 28.Nb5 exd3
29.Rxd3 b2 30.Rb1 O-O 31.Nc3 Rb8 32.Nd1 Na5 {#R} 0-1

[Event "It \"]
[Site "masterchessopen.com London (England)"]
[Round "0"]
[White "Chandler Murray G (ENG)"]
[Black "Zsinka Laszlo (HUN)"]
[Result "1-0"]
[WhiteElo "2575"]
[BlackElo "2395"]

1.e4 e5 2.Nf3 Nc6 3.Bb5 a6 4.Ba4 g6 5.c3 d6 6.d4 Bd7 7.O-O Bg7 8.Bg5 f6 9.Be3
Nh6 10.h3 Nf7 11.Bb3 Qe7 12.c4 Na5 13.Nc3 c6 14.c5 Nxb3 15.Qxb3 exd4 16.Qxb7
O-O 17.Nxd4 dxc5 18.Nxc6 Qe6 19.Na5 Rfb8 20.Qd5 Qxd5 21.Nxd5 Rxb2 22.Nc4 Rb7
23.Ncb6 Re8 24.Rac1 Rxe4 25.Rxc5 Nd6 26.Rd1 Ne8 27.Ra5 f5 28.Rxa6 Bc6 29.a4
Nc7 30.Nxc7 Rxc7 31.g3 Be5 32.Rc1 Bxg3 33.fxg3 Rxe3 34.Nd5 Rxg3+ 35.Kf2 Rg2+
36.Kf1 Bxd5 37.Rxc7 Rd2 38.Rb6 {#r} 1-0

[Event "Ch Romania"]
[Site "masterchessopen.com Romania"]
[Round "0"]
[White "Ghinda Mihail-Viorel (ROM)"]
[Black "Stefanov Parik (ROM)"]
[Result "1-0"]
[WhiteElo "2460"]
[BlackElo "2331"]

1.e4 e5 2.Nf3 Nc6 3.Bb5 g6 4.c3 a6 5.Ba4 d6 6.d4 Bd7 7.O-O Bg7 8.Re1 Nge7 9.d5
Nb8 10.c4 O-O 11.Nc3 h6 12.b4 f5 13.Nd2 a5 14.bxa5 Rxa5 15.Bxd7 Nxd7 16.Nb3
Ra8 17.f3 b6 18.a4 Nf6 19.a5 bxa5 20.c5 Qb8 21.Ba3 Ra6 22.Rb1 Qa8 23.Nd2 Nd7
24.Nb5 Rc8 25.cxd6 cxd6 26.Nxd6 Rb8 27.Qe2 Bf8 28.N2c4 Nc8 29.Nb5 Bg7 30.Kh1
Rf6 31.Nc7 Qa7 32.Ne8 Rf7 33.exf5 Rxf5 34.Ne3 Rf4 35.Nxg7 Kxg7 36.Ng4 Qc7
37.Rbc1 Qd8 38.Nxe5 Rb3 39.Nxd7 Rf5 40.Bb2+ {#r} 1-0

[Event "Memorial A.Kotov"]
[Site "masterchessopen.com Voronezh (Russia)"]
[Round "0"]
[White "Tolnai Tibor (HUN)"]
[Black "Smagin Sergey (RUS)"]
[Result "0-1"]
[WhiteElo "2476"]
[BlackElo "2555"]

1.e4 e5 2.Nf3 Nc6 3.Bb5 g6 4.c3 a6 5.Ba4 d6 6.d4 Bd7 7.O-O Bg7 8.d5 Nce7 9.c4
b5 10.cxb5 axb5 11.Bc2 Nf6 12.Bg5 h6 13.Bxf6 Bxf6 14.Qe2 Qb8 15.Bd3 O-O 16.Nc3
b4 17.Nb5 Nxd5 18.exd5 e4 19.Qxe4 Bxb5 20.Bxb5 Qxb5 21.Rac1 Rxa2 22.Rxc7 Re8
23.Qf4 g5 24.Qc1 Bxb2 25.Qc4 Qxc4 26.Rxc4 Rb8 27.h4 gxh4 28.Kh2 b3 29.Rb1 Bf6
30.Nd4 b2 31.Nf3 Ra1 32.Nd2 Rb5 {#R} 0-1

[Event "Ch India"]
[Site "masterchessopen.com India"]
[Round "0"]
[White "Thipsay Praveen M (IND)"]
[Black "Gupta R S (IND)"]
[Result "1-0"]
[WhiteElo "2420"]
[BlackElo "2234"]

1.e4 e5 2.Nf3 Nc6 3.Bb5 g6 4.c3 a6 5.Ba4 d6 6.d4 Bd7 7.O-O Bg7 8.h3 Nf6 9.Nbd2
Qe7 10.Re1 O-O 11.Nf1 Rfe8 12.Ng3 h6 13.Bc2 Rad8 14.d5 Nb8 15.c4 a5 16.Bd2 b6
17.a3 Rc8 18.Bd3 Nh7 19.b4 axb4 20.axb4 Qf8 21.Qc2 Bf6 22.Ra7 h5 23.Be3 h4
24.Nf1 Be7 25.c5 bxc5 26.bxc5 Red8 27.c6 Be8 28.Bd2 Bf6 29.Ba5 Qe7 30.Rb1 g5
31.N3h2 Bg7 32.Ng4 f5 33.exf5 Nf6 34.Nxf6+ Bxf6 35.Rbb7 e4 36.Bxe4 Qe5 {#r}
1-0

[Event "It (open)"]
[Site "masterchessopen.com Cappelle la Grande (France)"]
[Round "0"]
[White "Georgiev Krum (BUL)"]
[Black "Lukez Franko (SWE)"]
[Result "1-0"]
[WhiteElo "2480"]
[BlackElo "2320"]

1.e4 e5 2.Nf3 Nc6 3.Bb5 g6 4.c3 a6 5.Ba4 d6 6.d4 Bd7 7.O-O Bg7 8.Be3 Nf6
9.dxe5 dxe5 10.Nbd2 Qe7 11.b4 b6 12.Bb3 O-O 13.a4 a5 14.b5 Nd8 15.Nc4 Be6
16.Ncxe5 Nxe4 17.Bd4 Bxb3 18.Qxb3 Ne6 19.Nc6 Qd6 20.Rfe1 N4c5 21.Qc2 Rae8
22.Rad1 Qf4 23.Re3 f6 24.Bxc5 Nxc5 25.Rd4 Qh6 26.Ne7+ {#r} 1-0

[Event "It (cat.8)"]
[Site "masterchessopen.com Toronto (Canada)"]
[Round "7"]
[White "Wolff Patrick G (USA)"]
[Black "Day Lawrence A (CAN)"]
[Result "1-0"]
[WhiteElo "2505"]
[BlackElo "2224"]

1.e4 e5 2.Nf3 Nc6 3.Bb5 g6 4.c3 a6 5.Ba4 d6 6.d4 Bd7 7.O-O Bg7 8.Be3 Qe7
9.Nbd2 Nf6 10.Re1 h6 11.dxe5 dxe5 12.b4 b6 13.h3 O-O 14.Qc2 Kh8 15.Rad1 Qe8
16.Bb3 Rc8 17.Nf1 Nb8 18.Ng3 Ng8 19.a4 Ne7 20.Bc1 Rd8 21.Qa2 f6 22.a5 b5
23.Be3 Bc8 24.Bf7 Qc6 25.Bc5 Rd6 26.Bxd6 cxd6 27.Qb3 Qc7 28.Rd3 f5 29.Red1 Bb7
30.Rxd6 f4 31.Nf1 Nc8 32.Nh4 Rxf7 33.Rd8+ Kh7 34.Qe6 Rf8 35.Qxg6+ Kg8 36.Nf5
Kh8 37.Nxh6 Qe7 38.Rxf8+ Qxf8 39.Rd8 Bxh6 40.Qxh6+ {#r} 1-0

[Event "It (open)"]
[Site "masterchessopen.com Dortmund (Germany)"]
[Round "8"]
[White "Maxion Dirk (GER)"]
[Black "Giorgadze Tamaz (GEO)"]
[Result "0-1"]
[WhiteElo "2223"]
[BlackElo "2504"]

1.e4 e5 2.Nf3 Nc6 3.Bb5 g6 4.c3 a6 5.Ba4 d6 6.d4 Bd7 7.O-O Bg7 8.Re1 Nge7
9.Bg5 f6 10.Be3 O-O 11.dxe5 Nxe5 12.Bb3+ Kh8 13.Nxe5 fxe5 14.Qc1 Ng8 15.a4 Nf6
16.f3 Nh5 17.Bc4 Nf4 18.Bf1 a5 19.b3 Qh4 20.Na3 g5 21.Kh1 Qh5 22.Nc4 g4
23.fxg4 Bxg4 24.Ra2 Rf6 25.Bg1 Bh6 26.Qb1 Rg8 27.Ne3 Be6 28.c4 Qg6 29.Rf2 Rgf8
30.Rf3 Bg5 31.Nd5 R6f7 32.Nxf4 Bxf4 33.Bd3 Qh5 34.Be2 Qg6 35.Rff1 Rg8 36.Bf3
Bxh2 37.Bxh2 Rxf3 38.Qc2 Rxb3 {#R} 0-1

[Event "Ch Poland (w)"]
[Site "masterchessopen.com Konin (Poland)"]
[Round "3"]
[White "Wierzbicka Ewa (POL)"]
[Black "Dabrowska Krystyna (POL)"]
[Result "0-1"]
[WhiteElo "1975"]
[BlackElo "2208"]

1.e4 e5 2.Nf3 Nc6 3.Bb5 g6 4.c3 a6 5.Ba4 d6 6.d4 Bd7 7.O-O Bg7 8.Bg5 f6 9.Be3
Nh6 10.dxe5 Nxe5 11.Nxe5 fxe5 12.f3 Nf7 13.Bxd7+ Qxd7 14.c4 Nd8 15.Nc3 Ne6
16.Qd2 O-O 17.Rfd1 b6 18.Rac1 a5 19.b3 Bf6 20.a3 Qd8 21.Qd5 Qe7 22.Nb5 Kh8
23.b4 axb4 24.axb4 Bg5 25.Bxg5 Nxg5 26.c5 dxc5 27.bxc5 c6 28.Qxc6 Nxf3+
29.gxf3 Qg5+ 30.Kh1 Ra2 31.Rg1 Qd2 {#R} 0-1

[Event "Zt"]
[Site "masterchessopen.com Lvov (Ukraine)"]
[Round "-49"]
[White "Aseev Konstantin N (RUS)"]
[Black "Malaniuk Vladimir P (UKR)"]
[Result "1-0"]
[WhiteElo "2575"]
[BlackElo "2505"]

1.e4 e5 2.Nf3 Nc6 3.Bb5 g6 4.c3 a6 5.Ba4 d6 6.d4 Bd7 7.O-O Bg7 8.Re1 b5 9.Bb3
Nf6 10.Bg5 h6 11.Bh4 O-O 12.Nbd2 exd4 13.Nxd4 Qb8 14.N2f3 Qb7 15.Nxc6 Bxc6
16.e5 Nh5 17.exd6 g5 18.Nxg5 hxg5 19.Qxh5 Bxg2 {#r} 1-0

[Event "It (open)"]
[Site "masterchessopen.com Amantea (Italy)"]
[Round "0"]
[White "Palac Mladen (CRO)"]
[Black "Giorgadze Giorgi (GEO)"]
[Result "0-1"]
[WhiteElo "2591"]
[BlackElo "2525"]

1.e4 e5 2.Nf3 Nc6 3.Bb5 g6 4.c3 a6 5.Ba4 d6 6.d4 Bd7 7.O-O Bg7 8.dxe5 dxe5
9.Bg5 Nge7 10.Re1 h6 11.Be3 O-O 12.Qd2 Kh7 13.Bc5 Qe8 14.Qe2 b6 15.Ba3 b5
16.Bc2 Na5 17.Nbd2 Be6 18.Bd3 Qd7 19.c4 c6 20.b4 Nb7 21.Bb2 Rfd8 22.Bc2 c5
23.bxc5 Nxc5 24.Ba3 Rdc8 25.Qe3 Nb7 26.Red1 Na5 27.Bb3 Nec6 28.cxb5 axb5
29.Nc4 bxc4 30.Rxd7 cxb3 31.Rdd1 bxa2 32.Qe1 Nb3 33.Rxa2 Nbd4 34.Nxd4 Nxd4
35.Raa1 Nc2 36.Qe2 Nxa1 37.Rxa1 Rxa3 {#R} 0-1

[Event "Ch World (students)"]
[Site "masterchessopen.com Antwerpen (Belgium)"]
[Round "0"]
[White "Bossuyt Koen (BEL)"]
[Black "Mrva Martin (SVK)"]
[Result "0-1"]
[WhiteElo "2157"]
[BlackElo "2470"]

1.e4 e5 2.Nf3 Nc6 3.Bb5 g6 4.c3 a6 5.Ba4 d6 6.d4 Bd7 7.O-O Bg7 8.Be3 Nf6 9.d5
Nb8 10.Bxd7+ Nbxd7 11.Nfd2 Nh5 12.c4 O-O 13.Nc3 Qe8 14.Qc2 f5 15.f3 Rf7 16.b4
Qf8 17.Nb3 Bh6 18.Bf2 Nf4 19.Rad1 Nf6 20.Ne2 fxe4 21.fxe4 Ng4 22.Ng3 Nxg2
23.Kxg2 Rxf2+ 24.Qxf2 Nxf2 25.Rxf2 Qe7 26.Na5 Rf8 27.Rdf1 Rxf2+ 28.Rxf2 Qe8
29.c5 Qb5 30.cxd6 cxd6 31.a3 Bc1 32.Rc2 Qd3 33.Rc8+ Kg7 34.Rc7+ Kf6 35.Nxb7 h5
36.Nxd6 h4 37.Rf7+ Kg5 38.Rf3 h3+ 39.Kf2 Qd4+ 40.Ke2 Qd2+ {#R} 0-1

[Event "Staatsliga"]
[Site "masterchessopen.com Austria"]
[Round "0"]
[White "Janetschek Karl (AUT)"]
[Black "Rolletschek Heinrich (AUT)"]
[Result "1-0"]
[WhiteElo "2259"]
[BlackElo "2238"]

1.e4 e5 2.Nf3 Nc6 3.Bb5 a6 4.Ba4 d6 5.c3 Bd7 6.d4 g6 7.O-O Bg7 8.dxe5 Nxe5
9.Nxe5 dxe5 10.Be3 Ne7 11.Na3 Bxa4 12.Qxa4+ Qd7 13.Qb3 Qc6 14.f3 O-O 15.Nc2 a5
16.a4 Rfd8 17.Rad1 Bf8 18.Na3 Kg7 19.Nc4 Rxd1 20.Rxd1 Qe6 21.Qxb7 Qxc4 22.Qxa8
Qe2 23.Bh6+ Kf6 24.Qxf8 Qxd1+ 25.Kf2 Qxa4 26.Bg5+ Kxg5 27.Qxe7+ Kh6 28.Qf8+
Kg5 29.Qxf7 Qb5 30.Qe7+ Kh5 31.g4+ {#r} 1-0

[Event "Ch Bulgaria"]
[Site "masterchessopen.com Bankja (Bulgaria)"]
[Round "0"]
[White "Panbukchian Valentin (BUL)"]
[Black "Grigorov Jordan N (BUL)"]
[Result "0-1"]
[WhiteElo "2365"]
[BlackElo "2380"]

1.e4 e5 2.Nf3 Nc6 3.Bb5 g6 4.c3 a6 5.Ba4 d6 6.d4 Bd7 7.O-O Bg7 8.Re1 Nge7 9.d5
Nb8 10.c4 O-O 11.Nc3 h6 12.b4 a5 13.a3 Na6 14.Rb1 Bc8 15.Bb5 f5 16.Bxa6 Rxa6
17.b5 Ra8 18.b6 cxb6 19.Be3 Ra6 20.Qb3 fxe4 21.Nxe4 a4 22.Qb5 Rxf3 23.gxf3 Nf5
24.Bxb6 Qf8 25.Be3 Nh4 26.Nd2 Bh3 27.f4 exf4 28.Bb6 Qf5 29.Re8+ Kh7 30.f3 Qd3
31.Re7 Qxd2 32.Rxg7+ Kxg7 33.Qb2+ Kf7 34.Qxd2 Nxf3+ 35.Kf2 Nxd2 36.Rb4 Nxc4
37.Bd4 Ne3 38.Rxb7+ Ke8 {#R} 0-1

[Event "Ch France"]
[Site "masterchessopen.com France"]
[Round "6"]
[White "Apicella Manuel (FRA)"]
[Black "Seret Jean-Luc (FRA)"]
[Result "1-0"]
[WhiteElo "2450"]
[BlackElo "2384"]

1.e4 e5 2.Nf3 Nc6 3.Bb5 a6 4.Ba4 g6 5.c3 d6 6.d4 Bd7 7.O-O Bg7 8.h3 Nge7 9.Be3
O-O 10.Nbd2 h6 11.Bb3 Kh7 12.dxe5 dxe5 13.a4 b6 14.Qe2 f5 15.exf5 Bxf5 16.Rfd1
Bd3 17.Qe1 Na5 18.Be6 Rf6 19.Ba2 Rd6 20.b4 Nac6 21.Bg5 Bc2 22.Rdc1 Bf5 23.Nc4
Rd3 24.b5 axb5 25.axb5 Rxf3 26.gxf3 hxg5 27.bxc6 Be6 28.Bb3 Rxa1 29.Rxa1 Qg8
30.Qe4 Bd5 31.Qg4 Nf5 32.Ra7 Nh4 33.Nd2 Bxb3 34.Ne4 Nf5 35.Rxc7 Qa8 36.Qxg5
Qa1+ 37.Kh2 Qf1 38.Nf6+ Kh8 39.Rc8+ Bf8 40.Ne4 {#r} 1-0

[Event "Tournament"]
[Site "masterchessopen.com Provence (France)"]
[Round "2"]
[White "Gomez Gerard (FRA)"]
[Black "Herbomez A"]
[Result "1-0"]
[WhiteElo "2038"]
[BlackElo "1790"]

1.e4 e5 2.Nf3 Nc6 3.Bb5 g6 4.c3 a6 5.Ba4 d6 6.d4 Bd7 7.O-O Bg7 8.Re1 Nge7 9.d5
Nb8 10.c4 O-O 11.Nc3 h6 12.Bxd7 Nxd7 13.Nd2 f5 14.f3 g5 15.Rb1 Ng6 16.g3 Kh8
17.b4 Qe7 18.Rb3 b6 19.exf5 Rxf5 20.Qc2 Qf7 21.g4 Rf6 22.Nce4 Rf4 23.c5 bxc5
24.bxc5 Nh4 25.cxd6 cxd6 26.Qc6 Rf8 27.Nxd6 Rxg4+ 28.Kh1 Qf6 29.fxg4 Qf2
30.Rg1 e4 31.N6xe4 Qd4 32.Bb2 Qxb2 33.Rxb2 Ne5 34.Qc2 Nef3 35.Nxf3 Nxf3 36.Rf1
Nd4 37.Rxf8+ Bxf8 38.Qc3 {#r} 1-0

[Event "It (open)"]
[Site "masterchessopen.com Baden-Baden (Germany)"]
[Round "0"]
[White "Solomunovic Igor (GER)"]
[Black "Straub Peter (GER)"]
[Result "1-0"]
[WhiteElo "2402"]
[BlackElo "2150"]

1.e4 e5 2.Nf3 Nc6 3.Bb5 g6 4.c3 a6 5.Ba4 d6 6.d4 Bd7 7.O-O Bg7 8.d5 Nce7
9.Bxd7+ Qxd7 10.c4 Nf6 11.Nc3 c5 12.a4 O-O 13.Ne1 Ne8 14.Nd3 f5 15.f4 fxe4
16.Nxe4 Nf5 17.fxe5 dxe5 18.Ndxc5 Qc8 19.Ne6 Qxc4 20.Nxf8 Qxe4 21.Ne6 Bf6
22.Ra3 Rc8 23.Rc3 Rxc3 24.bxc3 Ne3 25.Bxe3 Qxe3+ 26.Kh1 Qxc3 27.d6 Qc4 28.d7
{#r} 1-0

[Event "It (cat.2)"]
[Site "masterchessopen.com Budapest (Hungary)"]
[Round "3"]
[White "Borocz Istvan (HUN)"]
[Black "Zsinka Laszlo (HUN)"]
[Result "1-0"]
[WhiteElo "1855"]
[BlackElo "2286"]

1.e4 e5 2.Nf3 Nc6 3.Bb5 a6 4.Ba4 g6 5.c3 d6 6.d4 Bd7 7.O-O Bg7 8.Be3 Nge7 9.d5
Nb8 10.Bxd7+ Nxd7 11.c4 h6 12.Nfd2 f5 13.f3 O-O 14.Nc3 f4 15.Bf2 g5 16.b4 Nf6
17.c5 Rf7 18.Nc4 Ng6 19.b5 axb5 20.Nxb5 Bf8 21.cxd6 cxd6 22.a4 Rg7 23.Bb6 Qd7
24.Rc1 g4 25.Nc7 Rxa4 26.fxg4 Nh4 27.Bf2 Qxg4 28.Qxg4 Rxg4 29.Bxh4 Rxh4 30.Ne6
Ra2 31.Nxf8 Rg4 32.Rf2 Ra6 33.h3 Rg3 34.Ne6 Nxe4 35.Rf3 Rg6 36.Nb2 Ra2 37.Rb3
f3 38.Rc8+ Kf7 39.Rf8+ Ke7 40.Rxb7# 1-0